000
00255nam a22001217a 4500
008
181122b xxu||||| |||| 00| 0 eng d
041
_a
eng
080
_a
710
100
_a
44
101
_a
ART
245
_a
Dome The Rock
_c
Jeryy.LM
942
_2
udc
_c
BK
999
_c
52329
_d
52329